000 01085nam0a22002291 4500
001 rc\3955597
005 20260406165012.0
035 _a(NLR Aleph) 007925118
090 _a8182735
_c8182735
100 _a20130415b19521955|||y0rusy50 ca
101 0 _arus
102 _aRU
105 _ay z |||||
200 1 _aРуководящие материалы
_e[Вып. 1-2]
_fМ-во хим. пром-сти. СССР. Главкислород. Всесоюз. науч.-исслед. ин-т автогенной обработки металлов
210 _aМосква
_aЛенинград
_cГосхимиздат
_d1952, 1955
710 0 2 _aВНИИ автогенной обработки металлов
_3RU\NLR\AUTH\889936449
_9367707
801 0 _aRU
_bNLR
_gpsbo
801 1 _aRU
_bELAR
_2rusmarc
830 _aПеречень имеющихся в библиотеке томов, номеров, годов этого издания смотри в каталоге периодических изданий
852 _aNLR
_jШифры разные
942 _cBOOK
980 _aNB